Tagalog-English dictionary / (Record no. 3762)
[ view plain ]
| 000 -LEADER | |
|---|---|
| fixed length control field | 00832cam a2200289 a 4500 |
| 001 - CONTROL NUMBER | |
| control field | 2902816 |
| 003 - CONTROL NUMBER IDENTIFIER | |
| control field | OSt |
| 005 - DATE AND TIME OF LATEST TRANSACTION | |
| control field | 20140310181804.0 |
| 008 - FIXED-LENGTH DATA ELEMENTS--GENERAL INFORMATION | |
| fixed length control field | 870908s1986 ph d 000 0 eng |
| 010 ## - LIBRARY OF CONGRESS CONTROL NUMBER | |
| LC control number | 87173197 |
| 020 ## - INTERNATIONAL STANDARD BOOK NUMBER | |
| International Standard Book Number | 9710843575 |
| 040 ## - CATALOGING SOURCE | |
| Original cataloging agency | DLC |
| Transcribing agency | DLC |
| Modifying agency | DLC |
| 041 0# - LANGUAGE CODE | |
| Language code of text/sound track or separate title | engtag |
| 050 00 - LIBRARY OF CONGRESS CALL NUMBER | |
| Classification number | PL 6056 |
| Item number | .En58 2007 |
| 082 00 - DEWEY DECIMAL CLASSIFICATION NUMBER | |
| Classification number | REF 499.211 |
| Item number | En3 2007 |
| 100 1# - MAIN ENTRY--PERSONAL NAME | |
| Personal name | English, Leo James. |
| 245 10 - TITLE STATEMENT | |
| Title | Tagalog-English dictionary / |
| Statement of responsibility, etc | English, Leo James |
| 260 ## - PUBLICATION, DISTRIBUTION, ETC. (IMPRINT) | |
| Place of publication, distribution, etc | Philippines : |
| Name of publisher, distributor, etc | Congregation of the most Holy Redeemer, |
| Date of publication, distribution, etc | [c1986], 2007p. |
| 300 ## - PHYSICAL DESCRIPTION | |
| Extent | 1583 p. |
| Dimensions | 21 cm. |
| 521 ## - TARGET AUDIENCE NOTE | |
| Target audience note | |
| 541 ## - IMMEDIATE SOURCE OF ACQUISITION NOTE | |
| -- | 1 |
| 562 ## - COPY AND VERSION IDENTIFICATION NOTE | |
| Number of copies | 1 |
| 650 #0 - SUBJECT ADDED ENTRY--TOPICAL TERM | |
| Topical term or geographic name as entry element | Tagalog language |
| General subdivision | Dictionaries |
| -- | English. |
| 906 ## - LOCAL DATA ELEMENT F, LDF (RLIN) | |
| a | 7 |
| b | cbc |
| c | orignew |
| d | 2 |
| e | ncip |
| f | 19 |
| g | y-gencatlg |
| 942 ## - ADDED ENTRY ELEMENTS (KOHA) | |
| Source of classification or shelving scheme | Library of Congress Classification |
| Koha item type | |
| Call number prefix | |
| Withdrawn status | Lost status | Source of classification or shelving scheme | Damaged status | Home library | Current library | Shelving location | Date acquired | Total Checkouts | Full call number | Barcode | Date last seen | Copy number | Price effective from | Koha item type |
|---|---|---|---|---|---|---|---|---|---|---|---|---|---|---|
| Library of Congress Classification | Luxembourg Library | Luxembourg Library | Reference Section | 07/04/2013 | PL 6056 .En58 2007 | 15890 | 08/20/2015 | 1 | 07/04/2013 | Books |